000
00325nam a22001457a 4500
008
211019b ||||| |||| 00| 0 eng d
020
_a
013699752X
041
_a
eng
080
_2
4th
_a
330
082
_a
330
100
_a
52
101
_a
EKO
245
_a
Price Theory and Applications
_c
Hirshleifer,J
942
_2
udc
_c
BK
999
_c
58269
_d
58269